000
00357nam a22001457a 4500
999
_c
57827
_d
57827
005
20201224140119.0
008
201224c2020 enk||||| |||| 00| 0 eng d
041
_a
eng
245
_a
The Economist /
_b
2020.
300
_a
V.
653
_a
The Economist
653
_a
პეროიდიკა
653
_a
ეკონომიკა
942
_2
udc
_c
BK